00173nam a2200073Ia 4500008004100000050002100041100001700062245002000079230915s9999 xx 000 0 und d aRA 776 .H44 1999 aHAHN DALE B. 0aFOCUS ON HEALTH